| 000 | 00972cam a2200265 i 4500 | ||
|---|---|---|---|
| 003 | SA-RiAUC | ||
| 005 | 20251230083251.0 | ||
| 008 | 251228s2003 ua g 00000 ara c | ||
| 040 |
_aSA-JeALM _erda _bara |
||
| 082 | 0 | 4 | _a210.2 |
| 090 |
_a210.2 _bم ح م |
||
| 100 | 1 |
_aمحمود، عبد الحليم، _d1910-1978 _eمؤلف. |
|
| 245 | 1 | 0 |
_aموقف الإسلام من الفن والعلم والفلسفة / _cعبد الحليم محمود. |
| 264 | 1 |
_aالقاهرة : _bمجلة الأزهر _c2003 |
|
| 300 |
_a262 صفحة ؛ _c24 سم |
||
| 336 |
_aنص _btxt _2rdacontent _3كتاب |
||
| 337 |
_aبدون وسيط _bn _2rdamedia |
||
| 338 |
_aمجلد _bnc _2rdacarrier |
||
| 650 | 7 |
_aالإسلام _vمتفرقات _2aucsh |
|
| 650 | 7 |
_aالإسلام والفن _2aucsh |
|
| 650 | 7 |
_aالإسلام والفلسفة _2aucsh |
|
| 650 | 7 |
_aالإسلام والعلوم _2aucsh |
|
| 942 |
_2ddc _cBOOK _n0 |
||
| 949 |
_aSA-JeALM _d251228 _umohamedma123 _n1 |
||
| 999 |
_c13832 _d13832 |
||